| 000 | 01208cad a22002055a 4500 | ||
|---|---|---|---|
| 001 | L138302 | ||
| 008 | 070525e20070523xxk f 000 0 eng d | ||
| 035 | _a(Sirsi) u138302 | ||
| 041 | 0 | _aeng | |
| 050 | 0 | 4 | _a711.52 $2 18 |
| 110 | 2 |
_aUnited Kingdom _bNational Audit Office _91350 |
|
| 245 | 0 | 4 |
_aThe Thames gateway _blaying the foundations _h[electronic resource] |
| 260 |
_aLondon _bNAO _c2007 |
||
| 520 | _aDescribes changes needed at government level in order to fulfil the Thames Gateway Scheme redevelopment plans. Argues that a more joined-up approach is needed in the way central government departments work with each other and regional bodies. Local bodies should be provided with clearer objectives. DCLG should amalgamate its detailed local plans into a single programme so that budgets can be drawn up. It is also necessary to provide greater detail on carbon reductions and to create a shared risk programme. Provides a number of detailed recommendations to these ends. | ||
| 590 | _aKA | ||
| 651 | 4 | _aLONDON | |
| 690 | _aPROPERTY-PROPERTY MANAGEMENT-REGENERATION | ||
| 856 | 4 | 0 |
_uhttps://www.nao.org.uk/pn/06-07/0607526.htm _zView the article free of charge at www.nao.org.uk... |
| 942 | _n0 | ||
| 999 |
_c107113 _d107113 |
||